| 000 | 01300cam a22003617a 4500 | ||
|---|---|---|---|
| 003 | CHAP | ||
| 005 | 20220817041305.0 | ||
| 008 | 971013s1984 r 00010 d | ||
| 010 | _a10503 | ||
| 011 | _a11475 | ||
| 035 | _a10713 | ||
| 040 | _cCHAP | ||
| 090 | _aFolleto 10108 | ||
| 100 | 0 | 0 |
_aCabrera Mireles, Héctor. _916686 |
| 245 | 1 | 3 | _aEl picudo negro del cocotero en Tabasco /por Héctor Cabrera Mireles |
| 260 |
_aComalcalco, Tab. : _bINIA. Campo Agricola Experimental Auxiliar Comalcalco, _c1984. |
||
| 300 | _aHoja desplegable | ||
| 410 | 2 | 1 | _aINIA. Campo Agrícola Experimenal Auxiliar Comalcalco |
| 490 | 0 |
_aDesplegable para productores _v; 1 |
|
| 590 |
_aBATCH-UPD _b10 _c20130110 _lUCH01 _h1700 |
||
| 590 |
_aBATCH-UPD _b10 _c20130410 _lUCH01 _h1048 |
||
| 590 |
_aBATCH-UPD _b10 _c20130914 _lUCH01 _h0955 |
||
| 590 |
_aCONVERSION _b10 _c20130109 _lUCH01 _h1307 |
||
| 650 | 1 | 4 |
_aCoco _xPlagas. _924262 |
| 650 | 1 | 4 |
_aCoco _xTabasco. _924269 |
| 650 | 1 | 4 |
_aRhynchophorus palmarum. _997170 |
| 810 | 0 | 0 |
_aINIA. Campo Agrícola Experimenal Auxiliar Comalcalco _958425 |
| 830 | 0 |
_aDesplegable para productores _v; 1 |
|
| 901 | _aBK | ||
| 942 | _cFOLL | ||
| 949 |
_aFolleto 10108 _bBC _cFOLL _d107131 _eTS1 _i10713 _mD _si |
||
| 949 |
_aFolleto 10108 _bBC _cFOLL _d107132 _eTS2 _fc.2 _gI. c/e _i10713 _si |
||
| 999 |
_c10503 _d10503 |
||